000 00502nam a2200181Ia 4500
999 _c22484
_d22484
003 OSt
005 20200206141152.0
008 190216s9999||||xx |||||||||||||| ||und||
020 _a8172049226
040 _coclc
082 _a297
_bMOU/I
100 _aMoudoodi, Abul Ala
_91860
245 0 _aIslam Matham /
_cAbul Ala Moudoodi
260 _bJama`At-Islami.Kerala,
_c2003.
_aKozhikode:
300 _a117p
650 _aIslam Matham
942 _cBK
_2ddc
_h297
_iMOU/I
_k297
_mMOU/I